| 000 | 00404nam a2200169Ia 4500 | ||
|---|---|---|---|
| 008 | 220531s9999 xx 000 0 und d | ||
| 041 | _aeng | ||
| 082 | _bWOL | ||
| 100 |
_aWolfgang &. Others _965020 |
||
| 245 | _aSociology Of Crime & Deliquency | ||
| 260 |
_bJohn wiley _c1962 |
||
| 300 | _a423 | ||
| 542 | _d03-05-2011 | ||
| 650 |
_aSociology _965021 |
||
| 906 | _d2011-2012 | ||
| 999 |
_c36839 _d36839 |
||